Recuperación de las respuestas perdidas de Mondoñedo a la Información del Ateneo de Madrid (Record no. 194004)
[ view plain ]
| 000 -LEADER | |
|---|---|
| campo de control de longitud fija | 01947nmb a2200265 i 4500 |
| 001 - NÚMERO DE CONTROL | |
| campo de control | 194004 |
| 003 - IDENTIFICADOR DE NÚMERO DE CONTROL | |
| campo de control | ES-MaACL |
| 005 - FECHA Y HORA DE LA ÚLTIMA TRANSACCIÓN | |
| campo de control | 20240524063018.0 |
| 008 - DATOS DE LONGITUD FIJA--INFORMACIÓN GENERAL | |
| campo de control de longitud fija | 240315e2013 sp ||||| |||| 00| 0 spa d |
| 040 ## - FUENTE DE CATALOGACIÓN | |
| Lengua de catalogación | spa |
| Centro/agencia transcriptor | ES-MaACL |
| 100 1# - ENTRADA PRINCIPAL--NOMBRE DE PERSONA | |
| 9 (RLIN) | 235590 |
| Nombre de persona | González Reboredo, Xosé M., |
| Fechas asociadas al nombre | 1946- |
| Término indicativo de función/relación | Autor |
| 245 ## - MENCIÓN DEL TÍTULO | |
| Título | Recuperación de las respuestas perdidas de Mondoñedo a la Información del Ateneo de Madrid |
| Medio | [Recurso electrónico] / |
| Mención de responsabilidad, etc. | Xosé Manuel González Reboredo |
| 260 ## - PUBLICACIÓN, DISTRIBUCIÓN, ETC. | |
| Lugar de publicación, distribución, etc. | [Madrid] : |
| Nombre del editor, distribuidor, etc. | Anales del Museo Nacional de Antropología, |
| Fecha de publicación, distribución, etc. | 2013 |
| 300 ## - DESCRIPCIÓN FÍSICA | |
| Extensión | P. 239-279 |
| 336 ## - TIPO DE CONTENIDO | |
| Fuente | rdacontent |
| Término de tipo de contenido | texto |
| 337 ## - TIPO DE MEDIO | |
| Fuente | rdamedia |
| Nombre/término del tipo de medio | sin mediación |
| 338 ## - TIPO DE SOPORTE | |
| Fuente | rdacarrier |
| Nombre/término del tipo de soporte | volumen |
| 500 ## - NOTA GENERAL | |
| Nota general | Artículo de Xosé M. González Reboredo sobre las respuestas de Mondoñedo para la Información sobre costumbres del Ateneo de Madrid (1901-1902), publicado en la revista "Anales del Museo Nacional de Antropología", ISSN 1135-1853, 2013, n. 15, p. 239-279 |
| 520 ## - RESUMEN, ETC. | |
| Sumario, etc. | Este escrito trata de las respuestas de Mondoñedo para la Información sobre costumbres de nacimiento, casamiento y muerte del Ateneo de Madrid (1901-1902), todas perdidas menos una, y recientemente recuperadas gracias a una copia conservada en el Archivo de la Real Academia Galega. Se incluyen referencias sobre el corresponsal que respondió, el médico y poeta Manuel Leiras Pulpeiro (1854-1912), ocasionalmente folclorista y lexicógrafo, información de las circunstancias del descubrimiento y algunos comentarios relacionados con estas respuestas. Se reproduce la copia del texto guardada en La Coruña |
| 610 24 - PUNTO DE ACCESO ADICIONAL DE MATERIA--NOMBRE DE ENTIDAD CORPORATIVA | |
| 9 (RLIN) | 1917 |
| Nombre de entidad corporativa o nombre de jurisdicción como elemento de entrada | Ateneo de Madrid- |
| Subdivisión general | Encuesta de 1901-1902 |
| 651 #0 - PUNTO DE ACCESO ADICIONAL DE MATERIA--NOMBRE GEOGRÁFICO | |
| 9 (RLIN) | 235591 |
| Nombre geográfico | Mondoñedo- |
| Subdivisión general | Usos y costumbres |
| 856 ## - LOCALIZACIÓN Y ACCESO ELECTRÓNICOS | |
| Identificador Uniforme de Recursos | <a href="https://www.libreria.cultura.gob.es/libro/anales-del-museo-nacional-de-antropologia-xv-2013_4432/">https://www.libreria.cultura.gob.es/libro/anales-del-museo-nacional-de-antropologia-xv-2013_4432/</a> |
| Texto de enlace | Versión en línea |
| Nota pública | (Anales del Museo Nacional de Antropología, 2013, n. 15) |
| 942 ## - ELEMENTOS DE ENTRADA SECUNDARIOS (KOHA) | |
| Fuente del sistema de clasificación o colocación | Clasificación decimal universal |
| Suprimir en OPAC | No |
| Tipo de ítem Koha | Artículo de revista |
No items available.
